The Use of synthetic environments for corrosion testing /

Bibliographic Details
Corporate Author: Symposium on the Use of Synthetic Environments for Corrosion Testing
Other Authors: Francis, P. E., Lee, T. S. (Thaddeus Shuptrine), 1948-
Format: Conference Proceeding Book
Language:English
Published: Philadelphia, PA : ASTM, [1988]
Series:ASTM special technical publication ; 970.
Subjects:

MARC

Tag First Indicator Second Indicator Subfields
LEADER 00000cam a22000008a 4500
001 in00000017974
005 20151007053120.0
008 880217s1988 paua b 10100 eng
010 |a  88003474  
020 |a 0803109776 
035 |a (OCoLC)17548241 
035 |9 AAB0453AM 
040 |a DLC  |c DLC  |d TXA  |d UtOrBLW 
049 |a TXAM  |c [A11051362] 
050 0 0 |a TA418.74  |b .U84 1988 
082 0 |a 620.1/1223  |2 19 
245 0 4 |a The Use of synthetic environments for corrosion testing /  |c P.E. Francis and T.S. Lee, editors. 
263 |a 8803 
264 1 |a Philadelphia, PA :  |b ASTM,  |c [1988] 
264 4 |c ©1988 
300 |a 296 pages :  |b illustrations 
336 |a text  |b txt  |2 rdacontent 
337 |a unmediated  |b n  |2 rdamedia 
338 |a volume  |b nc  |2 rdacarrier 
490 1 |a ASTM special technical publication ;  |v 970 
500 |a Papers presented at the Symposium on the Use of Synthetic Environments for Corrosion Testing, Teddington, Middlesex, England, 2/10-12/86. 
500 |a "0497000027". 
504 |a Includes bibliographies and index. 
650 0 |a Corrosion and anti-corrosives  |x Testing  |x Congresses. 
650 0 |a Materials  |x Testing  |v Congresses. 
700 1 |a Francis, P. E. 
700 1 |a Lee, T. S.  |q (Thaddeus Shuptrine),  |d 1948- 
711 2 |a Symposium on the Use of Synthetic Environments for Corrosion Testing  |d (1986 :  |c Teddington, Middlesex) 
740 0 |a Synthetic environments for corrosion testing. 
830 0 |a ASTM special technical publication ;  |v 970. 
999 |a MARS 
999 f f |s cb7884a7-6a22-3828-9721-b67ba28143c6  |i 4191fb4f-b5a7-390e-bbde-550f92650555  |t 0 
952 f f |p ric  |a Texas A&M University  |b Rellis Campus  |c Joint Library Facility  |d Remote Storage  |t 0  |e TA418.74 .U84 1988  |h Library of Congress classification  |i unmediated -- volume  |m A14811051362 
998 f f |a TA418.74 .U84 1988  |t 0  |l Remote Storage